Cartas a los Tesalonicenses

Gorde:
Xehetasun bibliografikoak
Egile Nagusiak: Staab, Karl (Egilea), Brox, Norbert (Egilea)
Formatua: Liburua
Hizkuntza:gaztelania
Argitaratua: Barcelona Herder 1974
Edizioa:1a. ed
Saila:Biblioteca Herder. Sección de Sagrada Escritura, 98
Gaiak:
Etiketak: Etiketa erantsi
Etiketarik gabe, Izan zaitez lehena erregistro honi etiketa jartzen!

MARC

LEADER 00000cam a2200000 a 4500
001 UCL1714
003 CL-VaPUC
008 030926e19740000SP |||||||||||||||||spa|d
020 |a 842540911X 
082 0 4 |a 227.81  |b STA  |2 21 
100 0 |a Staab, Karl  |e author  |9 478537 
700 0 |a Brox, Norbert  |e author  |9 478538 
245 1 0 |a Cartas a los Tesalonicenses 
246 1 0 |a Cartas de la cautividad 
246 1 0 |a Cartas pastorales 
250 |a 1a. ed 
300 |a 781 p 
942 |c BK 
945 |d 20030926 00:00:00  |a rbrito 
260 |a Barcelona  |b Herder  |c 1974 
650 0 |a Epístolas  |9 321181 
650 0 |a Nuevo testamento  |9 257604 
583 |a last modification  |c 20170724 09:16:31  |k Rodrigo Vera 
490 0 |a Biblioteca Herder. Sección de Sagrada Escritura, 98 
999 |c 305155  |d 305153 
952 |0 0  |1 0  |4 0  |6 227_810000000000000_STA_1974  |7 0  |8 A  |9 368246  |a BIBTEO  |b BIBTEO  |d 2019-11-21  |i 2081652  |o 227.81 STA 1974  |p 2081652  |r 2025-01-17  |w 2019-11-21  |y BK  |k ICR 
952 |0 0  |1 0  |3 erd  |4 0  |6 227_810000000000000_STA_1974  |7 0  |8 A  |9 368247  |a BIBTEO  |b BIBTEO  |i 541119K  |o 227.81 STA 1974  |p 541119K  |r 2025-01-17  |w 2019-11-21  |y BK  |z Catalogado en:20170728  |k ICR